Statistics for Last 4,000 Yard Passers for Each Team

Click here to take the quiz!

General Stats

  • This quiz has been taken 27 times
  • The average score is 27 of 32

Answer Stats

TeamYearYardsAnswer% Correct
Buccaneers20234,044Baker Mayfield
100%
49ers20234,280Brock Purdy
100%
Cowboys20234,516Dak Prescott
100%
Raiders20214,804Derek Carr
100%
Lions20234,575Jared Goff
100%
Bengals20224,475Joe Burrow
100%
Packers20234,159Jordan Love
100%
Bills20234,306Josh Allen
100%
Chargers20224,739Justin Herbert
100%
Vikings20224,547Kirk Cousins
100%
Rams20214,886Matthew Stafford
100%
Chiefs20234,183Patrick Mahomes
100%
Patriots20204,633Tom Brady
100%
Jaguars20234,016Trevor Lawrence
100%
Dolphins20234,624Tua Tagovailoa
100%
Texans20234,108C.J. Stroud
96%
Seahawks20224,282Geno Smith
96%
Falcons20204,581Matt Ryan
96%
Steelers20185,129Ben Roethlisberger
92%
Saints20165,208Drew Brees
92%
Giants20184,299Eli Manning
88%
Ravens20164,317Joe Flacco
88%
Panthers20114,051Cam Newton
83%
Broncos20144727Peyton Manning
79%
Eagles20194,039Carson Wentz
75%
Colts20204,169Philip Rivers
75%
Jets19674,007Joe Namath
71%
Cardinals20164.233Carson Palmer
67%
Titans19914,690Warren Moon
58%
Browns19804,132Brian Sipe
46%
Commanders19994,005Brad Johnson
25%
BearsN/AN/ANever Passed for 4k
21%

Score Distribution

Percentile by Number Answered

Percent of People with Each Score

Your Score History

You have not taken this quiz